Approach to teaching anatomy and physiology in nursing: traditional, PBL or OBE?. (Record no. 298021)
[ view plain ]
| 000 -LEADER | |
|---|---|
| fixed length control field | 00352nam a2200097Ia 4500 |
| 008 - FIXED-LENGTH DATA ELEMENTS--GENERAL INFORMATION | |
| fixed length control field | 160725s9999 xx 000 0 und d |
| 100 ## - MAIN ENTRY--PERSONAL NAME | |
| Personal name | Rebadulla, Giovanni Clyde E. |
| 245 ## - TITLE STATEMENT | |
| Title | Approach to teaching anatomy and physiology in nursing: traditional, PBL or OBE?. |
| 260 ## - PUBLICATION, DISTRIBUTION, ETC. (IMPRINT) | |
| Name of publisher, distributor, etc | Kaizen Research Journal College of Nursing |
| Date of publication, distribution, etc | September 2012 |
| 650 ## - SUBJECT ADDED ENTRY--TOPICAL TERM | |
| Topical term or geographic name as entry element | NURSING |
No items available.